STN EN 10228-1: 2002, [neplatná] (01 5039), Nedeštruktívne skúšanie oceľových výkovkov Časť 1 Skúšanie magnetickým práškom

Bibliographic Details
Format: Book
Language:Slovak
English
PhysicalDescription:14 s. obr. 30 cm
Published: Bratislava Slovenský ústav technickej normalizácie 2002
Edition:[1.vyd.]
Subjects:

MARC

LEADER 00000cam a2200000 a 4500
001 vtls001473459
003 SK-MaSNL
005 20260302002832.0
008 160624s2002 xo 0 slo
035 |a SNK000428761 
040 |a SNK  |b slo  |c SNK  |e AACR2 
041 |a slo  |h eng 
044 |a xo  |c SK 
046 |a m  |m 200209  |n 201612 
072 7 |a 620.1/.2  |x Náuka o materiáli  |2 konspekt 
080 |a 620.1  |2 2011 
130 0 |a STN 01 5039 [neplatná] (STN EN 10228-1)  |9 640741 
245 1 |a STN EN 10228-1: 2002, [neplatná] (01 5039), Nedeštruktívne skúšanie oceľových výkovkov  |n Časť 1  |p Skúšanie magnetickým práškom 
250 |a [1.vyd.] 
260 |a Bratislava  |b Slovenský ústav technickej normalizácie  |c 2002 
300 |a 14 s.  |b obr.  |c 30 cm 
500 |a Táto norma nahrádza anglické znenie STN EN 10228-1 z októbra 2001 v celom rozsahu 
650 0 7 |a skúšanie materiálov  |2 SNKPH  |9 4168 
655 7 |a normy  |2 SNK  |9 70643 
852 |a Štátna vedecká knižnica v Banskej Bystrici 
999 |c 989570  |d 991500 
952 |t P60, <03>, [BOOK], {603}  |a SNK  |b SNK  |y PREZ  |7 0  |p 17A0412917  |o snkSTN EN 10228-1  |i snkN 1717/2004  |0 0  |1 0  |4 0  |d 2004-04-20  |l 0  |r 2005-01-02 00:00:00  |w 2026-02-24 
952 |a SNK  |b SNK  |y PREZ  |7 0  |p 17A0412916  |o snkSTN EN 10228-1 D1  |i snkN 1718/2004  |0 0  |1 0  |4 0  |d 2004-04-20  |l 0  |r 2005-01-02 00:00:00  |w 2026-02-24